Normal view
MARC view
- DeFranza, James
Entry Personal Name
001 - CONTROL NUMBER
- control field: 102556
003 - CONTROL NUMBER IDENTIFIER
- control field: NUST
005 - DATE AND TIME OF LATEST TRANSACTION
- control field: 20221111103534.0
008 - FIXED-LENGTH DATA ELEMENTS
- fixed length control field: 221111|| aca||aabn | a|a d
040 ## - CATALOGING SOURCE
- Original cataloging agency: NUST
- Transcribing agency: NUST
100 ## - HEADING--PERSONAL NAME
- Personal name: DeFranza, James
670 ## - SOURCE DATA FOUND
- Source citation: Work cat.: (NUST)189434: DeFranza, James,, Introduction to linear algebra with applications / , c2009.
